| 000 | 01028cam a2200325 a 4500 | ||
|---|---|---|---|
| 001 | 14305169 | ||
| 003 | OSt | ||
| 005 | 20211005134510.0 | ||
| 008 | 060227s2005 enk 001 0 eng d | ||
| 010 | _a 2006386108 | ||
| 020 | _a0421930209 (pbk) | ||
| 040 | _cHU | ||
| 042 | _alccopycat | ||
| 043 | _ae-uk-en | ||
| 050 | 0 | 0 |
_aKD2149 _b.G65 2005 |
| 082 | _a346.42078 | ||
| 100 | 1 |
_aGoode, Royston Miles. _910222 |
|
| 245 | 1 | 0 |
_aPrinciples of corporate insolvency law / _cRoy Goode. |
| 250 | _a3rd ed. [student ed.] | ||
| 260 |
_aLondon : _bSweet & Maxwell, _c2005. |
||
| 300 |
_alxxxvi, 673 p. ; _c23 cm. |
||
| 500 | _aPrevious ed. : 1997. | ||
| 500 | _a"Student edition" - on cover. | ||
| 650 | 0 |
_aBankruptcy _zEngland. _910223 |
|
| 650 | 0 |
_aLiquidation _zEngland. _910224 |
|
| 650 | 0 |
_aConflict of laws _xBankruptcy _zEngland. _910225 |
|
| 906 |
_a7 _bcbc _ccopycat _d2 _encip _f20 _gy-gencatlg |
||
| 942 |
_2ddc _cBOOKS _n0 |
||
| 999 |
_c9511 _d9511 |
||